| 000 | 00000nam##2200000za#4500 |
| 001 | 9.688463 |
| 003 | CaOODSP |
| 005 | 20210624231433 |
| 007 | cr ||||||||||| |
| 008 | 150407|2001||||xxc|||||o f|0| 0 eng|d |
| 040 | |aCaOODSP|beng |
| 043 | |an-cn--- |
| 086 | 1 |aSW21-85/2001E-PDF |
| 110 | 1 |aCanada. |bStatus of Women Canada. |
| 245 | 10|aFirst Nations women, governance and the Indian Act : |h[electronic resource]|ba collection of policy research reports / |cby Judith F. Sayers ... [et al.] |
| 260 | |aOttawa - Ontario : |bStatus of Women Canada |c2001. |
| 300 | |a172p. |
| 500 | |aThe catalogue number and ISBN for the 2001 print edition have been printed in this electronic edition. |
| 504 | |aBibliography. |
| 590 | |a06-10-Supp|b2006-12-15 |
| 690 | 07|aIndigenous peoples|2gcpds |
| 690 | 07|aWomen|2gcpds |
| 690 | 07|aResearch|2gcpds |
| 690 | 07|aPolicy|2gcpds |
| 690 | 07|aGuidelines|2gcpds |
| 720 | 1 |aSayers, Judith F. |
| 775 | 08|tLes femmes des Premières nations, la gouvernance et la Loi sur les Indiens : |w(CaOODSP)9.632888 |
| 776 | 0#|tFirst Nations women, governance and the Indian Act : |w(CaOODSP)9.648357 |
| 856 | 40|ahttp://publications.gc.ca|qPDF|s985 KB|uhttps://publications.gc.ca/collections/Collection/SW21-85-2001E.pdf |